Giáo trình toán. t.III, Giải tích 3 : Giáo trình và 500 bài tập có lời giải /

में बचाया:
ग्रंथसूची विवरण
मुख्य लेखक: Monier, Jean-Marie
अन्य लेखक: Nguyễn Văn Thường (dịch)
स्वरूप: Sách giấy
भाषा:Vietnamese
प्रकाशित: H. : Giáo dục, 2006.
संस्करण:Tái bản lần thứ hai
विषय:
टैग : टैग जोड़ें
कोई टैग नहीं, इस रिकॉर्ड को टैग करने वाले पहले व्यक्ति बनें!
Thư viện lưu trữ: Thư viện Trường Đại học Đà Lạt
LEADER 00986nam a2200373 4500
001 DLU070059352
005 ##20070514
040 # # |a DLU  |b vie 
041 # # |a vie 
044 # # |a vn 
082 # # |a 515  |b MO-J 
100 # # |a Monier, Jean-Marie 
245 # # |a Giáo trình toán.  |n t.III,  |p Giải tích 3 : Giáo trình và 500 bài tập có lời giải /  |c Jean-Marie Monier; Nguyễn Văn Thường dịch 
250 # # |a Tái bản lần thứ hai 
260 # # |a H. :  |b Giáo dục,  |c 2006. 
300 # # |a 590 tr. ;  |c 24 cm. 
653 # # |a Chuỗi số. 
653 # # |a Giáo trình. 
653 # # |a Giải tích Véctơ. 
653 # # |a Toán giải tích. 
700 # # |a Nguyễn Văn Thường,  |e dịch 
923 # # |a 05/2007 
990 # # |a t.III 
991 # # |a GT 
992 # # |a 56000 
993 # # |a 2006 
994 # # |a DLU 
900 # # |a True 
911 # # |a Đào Thị Thu Huyền 
925 # # |a G 
926 # # |a A 
927 # # |a SH 
980 # # |a Thư viện Trường Đại học Đà Lạt